| 000 | 00352nam a2200097Ia 4500 | ||
|---|---|---|---|
| 005 | 20250424112934.0 | ||
| 008 | 250424s9999 xx 000 0 und d | ||
| 300 | _a1-141 (Others) p. : ill. ; 25 cm. | ||
| 650 | _aFinance--Africa, West--Periodicals. Africa, West--Economic conditions--Periodicals. Africa, West--Economic policy--Periodicals. | ||
| 942 | _cSR | ||
| 999 |
_c37989 _d37989 |
||